Marvel Rivals Characters | Real Names - Statistics

General Stats
  • This quiz has been taken 911 times
    339 since last reset
  • The average score is 27 of 34
Answer Stats
Hint Answer % Correct
Steve Rogers Captain America
93%
Stephen Strange Doctor Strange
93%
James "Bucky" Barnes The Winter Soldier
93%
Jonathan "Johnny" Storm Human Torch
92%
Wanda Maximoff Scarlet Witch
92%
Bruce Banner Hulk
91%
Peter Parker Spider-Man
91%
Peter Quill Star-Lord
91%
T'Challa Black Panther
90%
Susan Storm Invisible Woman
90%
Tony Stark Iron Man
90%
Reed Richards Mister Fantastic
89%
Natasha Romanova Black Widow
88%
Ben Grimm The Thing
88%
Matt Murdock Daredevil
87%
Eddie Brock Venom
87%
Remy LeBeau Gambit
86%
Jean Grey Phoenix
86%
Frank Castle The Punisher
86%
Clint Barton Hawkeye
84%
Marc Spector Moon Knight
81%
Illyana Rasputin Magik
74%
Ororo Munroe Storm
74%
Sai Psylocke
73%
Anna Marie Rogue
73%
Tyrone Johnson Cloak
71%
Lin Lie Iron Fist
71%
Aldrif Odinsdottir Angela
68%
Doreen Green Squirrel Girl
68%
Max Eisenhardt Magneto
64%
Seol Hee Luna Snow
63%
Tandy Bowen Dagger
62%
James Howlett Wolverine
59%
Eric Brooks Blade
53%
No matching quizzes found
Score Distribution
Percent of People with Each Score
Percentile by Number Answered
Your Score History
You have not taken this quiz since the last reset